Drużyny Mistrzostw Świata U-20 2019 w Piłce Nożnej w Polsce - Statystyki

Ogólne statystyki
  • Ten quiz został rozwiązany 369 razy
  • Średni wynik to 15 z 24
Statystyki odpowiedzi
Grupa Drużyna % Poprawnych
Grupa A Polska
100%
Grupa B Włochy
87%
Grupa E Francja
82%
Grupa B Japonia
81%
Grupa A Kolumbia
80%
Grupa F Argentyna
79%
Grupa F Portugalia
77%
Grupa A Senegal
76%
Grupa D Stany Zjednoczone
75%
Grupa D Ukraina
74%
Grupa F Korea Południowa
73%
Grupa C Norwegia
67%
Grupa B Meksyk
64%
Grupa C Urugwaj
58%
Grupa A Tahiti
54%
Grupa D Nigeria
51%
Grupa C Honduras
48%
Grupa F Republika Południowej Afryki
48%
Grupa C Nowa Zelandia
46%
Grupa B Ekwador
42%
Grupa E Mali
41%
Grupa E Panama
37%
Grupa E Arabia Saudyjska
34%
Grupa D Katar
25%
Nie znaleziono quizów pasujących do podanych kryteriów
Rozkład punktacji
Procent ludzi z każdym wynikiem
Percentyl według liczby udzielonych odpowiedzi
Twoja historia wyników
Nie rozwiązałeś tego quizu